| 000 | 00895cam a2200277 4500 | ||
|---|---|---|---|
| 001 | M94452 | ||
| 008 | 090401t1998 xxu||||| |||| 00| 0 eng d | ||
| 035 | _a(Sirsi) u89070 | ||
| 041 | _aeng | ||
| 050 |
_a331.2 _c18 |
||
| 110 |
_aRoyal Institution of Chartered Surveyors _94900 |
||
| 245 | _aAgreement with conditions of engagement for the appointment of an agent to let residential property in the private sector | ||
| 250 | _aRev. ed. | ||
| 260 |
_aLondon _bRICS _c1998 |
||
| 300 |
_a10p. _c30cm. |
||
| 350 | _a7.64 | ||
| 490 | _aRICS Conditions of Engagement | ||
| 490 | _aRICS Guidance Note | ||
| 520 | _aSupersedes first edition (M2184). | ||
| 650 | _aLETTING AGENTS | ||
| 650 | _aPRIVATE SECTOR | ||
| 650 |
_aRESIDENTIAL PROPERTY _96266 |
||
| 690 | _aPROPERTY-RESIDENTIAL PROPERTY-RESIDENTIAL LANDLORD AND TENANT-RESIDENTIAL TENANCIES | ||
| 942 | _n0 | ||
| 948 | _c19/10/1998 | ||
| 999 |
_c97414 _d97414 |
||